Recepción, colocación y ataque en vóleibol

Uloženo v:
Podrobná bibliografie
Hlavní autor: Lucas, Jeff (autor)
Médium: Kniha
Jazyk:španělština
Vydáno: Barcelona Paidotribo 2000
Edice:Colección Deporte
Témata:
Tagy: Přidat tag
Žádné tagy, Buďte první, kdo vytvoří štítek k tomuto záznamu!

MARC

LEADER 00000nam a2200000 a 4500
001 UCO8786
003 CL-VaPUC
008 010105e20000000SP |||||||||||||||||spa|d
020 |a 8480194952 
082 0 4 |a 796.325  |b LUC  |2 21 
100 |a Lucas, Jeff  |e autor  |9 552353 
245 1 0 |a Recepción, colocación y ataque en vóleibol 
300 |a 417 p 
942 |c BK 
945 |d 20010105 00:00:00  |a cmena 
260 |a Barcelona  |b Paidotribo  |c 2000 
500 |a Este libro está recomendado por la Asociación Americana de Vóleibol 
650 0 |a Voleibol  |9 307522 
650 0 |a Deportes  |9 224367 
583 |a last modification  |c 20010105 00:00:00  |k Rodrigo Vera 
490 0 |a Colección Deporte 
999 |c 293252  |d 293250 
952 |0 0  |1 0  |4 0  |6 796_325000000000000_LUC_2000  |7 0  |8 A  |9 344687  |a BIBEDU  |b BIBEDU  |d 2019-11-20  |i 3679950  |o 796.325 LUC 2000  |p 3679950  |r 2019-11-20  |w 2019-11-20  |y BK  |k EFI 
952 |0 0  |1 0  |4 0  |6 796_325000000000000_LUC_2000  |7 0  |8 A  |9 344688  |a BIBEDU  |b BIBEDU  |d 2019-11-20  |i 4334450  |l 2  |o 796.325 LUC 2000  |p 4334450  |r 2025-04-17  |s 2025-04-11  |w 2019-11-20  |y BK  |k EFI 
952 |0 0  |1 0  |4 0  |6 796_325000000000000_LUC_2000  |7 0  |8 A  |9 344689  |a BIBEDU  |b BIBEDU  |d 2019-11-20  |i 4334442  |o 796.325 LUC 2000  |p 4334442  |r 2023-08-09  |w 2019-11-20  |y BK  |k EFI